书目信息 |
| 题名: |
哲学论文集
|
|
| 作者: | ;《中国社会科学》哲学编辑室 编 | |
| 分册: | ||
| 出版信息: | 贵州 贵州人民出版社 1984.05 |
|
| 页数: | 398页 | |
| 开本: | 20cm | |
| 丛书名: | ||
| 单 册: | ||
| 中图分类: | B-53 | |
| 科图分类: | ||
| 主题词: | 哲学--文集 | |
| 电子资源: | ||
| ISBN: | ||
| 000 | 00580nam0 2200193 45 | |
| 001 | 0181023985 | |
| 005 | 20051227104711.45 | |
| 010 | @dCNY2.10 | |
| 091 | @a2115.9 | |
| 100 | @a20810111d km y0chiy0120 ea | |
| 101 | 0 | @achi |
| 200 | 1 | @a哲学论文集@AZhe Xue Lun Wen Ji@f《中国社会科学》哲学编辑室编@F《Zhong Guo She Hui Ke Xue》Zhe Xue Bian Ji Shi Bian |
| 210 | @a贵州@c贵州人民出版社@d1984.05 | |
| 215 | @a398页@d20cm | |
| 606 | 0 | @a哲学@x文集 |
| 690 | @aB-53@v3 | |
| 711 | 02 | @a《中国社会科学》哲学编辑室@4编 |
| 801 | @aCN@bTSTC@c20051227 | |
| 905 | @dB-53@e18:(1983)@f1@b204263 | |
| 哲学论文集/《中国社会科学》哲学编辑室编.-贵州:贵州人民出版社,1984.05 |
| 398页;20cm |
| ISBN :CNY2.10 |
| ● |
| 相关链接 |
|
|
|
|
正题名:哲学论文集
索取号:B-53/18:(1983)
 
预约/预借
| 序号 | 登录号 | 条形码 | 馆藏地/架位号 | 状态 | 备注 |
| 1 | 0204261 | 001391274 | 第一借阅区/ [索取号:B-53/18:(1983)] | 在馆 | |
| 2 | 0204262 | 202182887 | 密集书库/ [索取号:B-53/18:(1983)] | 在馆 | |
| 3 | 0204263 | 001391283 | 第一样本阅览室/ [索取号:B-53/18:(1983)] | 在馆 |